1525 1516 1970 1077 1716 1307 1513 1233 1706 1502 1891 1842 1257 1200 1978 1701 1976 1241 1357 1648 1628 1163 1463 1162 1668 1283 1924 1346 1825 1018 1881 1303 1936 1801 1864 1366 1405 1633 1927 1037 1459 1152 1446 1563 1046 1071 1301 1782 1921 1530 1032 1275 1426 1305 1704 1948 1663 1546 1599 1379 1691 1572 1826 1229 1937 1530 1657 1406 1714 1436 1054 1581 1484 1827 1235 1729 1657 1919 1654 1228 1909 1559 1564 1649 1677 1696 1468 1449 1402 1035 1482 1564 1063 1621 1631 1307 1609 1105 1833 BCNSPRNW ULIB Ver.6.0+V

เปลี่ยนเป็นภาษาไทย

Change to English
 แสดงรายละเอียดบรรณานุกรม
  กลับหน้าหลัก

Brief Record : Get Marc (ISO 2709) : E-mail record : QR code < ปิดหน้าต่าง
LEADER : 00000nam 2200000uu 4500
001    13399126849
003     ULIB
008    020711s|||| th a 000 0 tha d
060    วจ^aWY152^bส875ก
100    ^aสุวพิชญ์ ชัชวาลธีราพงศ์.
245    ^aการพัฒนารูปแบบการส่งเสริมสุขภาพเพื่อป้องกันการเกิดโรคความดันโลหิตสูงในประชากรกลุ่มเสี่ยงโดยยึดครอบครัวเป็นศูนย์กลางและการมีส่วนร่วมของชุมชน.
260    ^aนครสวรรค์ :^bวิทยาลัยพยาบาลบรมราชชนนีสวรรค์ประชารักษ์ นครสวรรค์,^cม.ป.ป.
650    ^aโรคความดันโลหิตสูง
945    ^p0^l0^i005508
999    ^aประนอม เกษจรัล
รายการนี้ยังไม่มีแท็ก
คุณยังไม่ได้ล็อกอิน คุณสามารถมีกิจกรรมร่วมกับเว็บไซต์ได้ แต่ต้องล็อกอินก่อน ::
  ล็อกอิน

รายการสื่อสารสนเทศ

ลำดับที่ ประเภท เลขเรียก/บาร์โค้ด สถานที่ สถานะ
1. Book การพยาบาล
Book การพยาบาล
วจ WY152 ส875ก ฉ.1 
  Barcode: 005508
ห้องสมุดวิทยาเขตสวรรค์ประชารักษ์
►หนังสือทั่วไป
บนชั้น

รายการใกล้เคียง
    หัวเรื่อง [โรคความดันโลหิตสูง]

BibComment


ยังไม่เคยถูกคอมเมนท์

คอมเมนท์ทรัพยากรรายการนี้
  คอมเมนท์: การพัฒนารูปแบบกา..


 Copyright 2026. Bcnsprnw @Library